العلمانية : (رقم التسجيلة. 18396)

تفاصيل مارك
000 -الفاتح
عناصر البيانات ثابتة الطول 00760cam a2200217 i 4500
005 - تاريخ ووقت آخر معاملة
حقل ضبط 20251119115047.0
008 - عناصر البيانات ثابتة الطول
عناصر البيانات ثابتة الطول 250721s2009 ua gr 000 0 ara d
020 ## - الترقيم الدولي المعياري للكتب (ردمك)
الترقيم الدولي المعياري للكتب (ردمك) 977617454X
082 14 - رقم تصنيف ديوي العشري
رقم التصنيف 201.3
رقم المادة ع ل م
245 12 - بيان العنوان
العنوان العلمانية :
بقية العنوان مفاهيم ملتبسة /
بيان المسؤولية تحرير لحسن وريغ، أشرف عبدالقادر.
250 ## - بيان الطبعة
بيان الطبعة الطبعة الأولى.
264 31 - بيانات النشر، التوزيع…إلخ
مكان النشر، التوزيع...إلخ القاهرة :
اسم الناشر، الموزع...إلخ رؤية للنشر و التوزيع،
تاريخ النشر، التوزيع...إلخ 2009.
300 ## - الوصف المادي
عدد الوحدات المكونة للوعاء 377 صفحة.
650 17 - مدخل إضافي بالموضوع - مصطلح موضوعي
مصطلح موضوعي أو اسم جغرافي كعنصر مدخل العلمانيه.
650 17 - مدخل إضافي بالموضوع - مصطلح موضوعي
مصطلح موضوعي أو اسم جغرافي كعنصر مدخل الالحاد.
650 17 - مدخل إضافي بالموضوع - مصطلح موضوعي
مصطلح موضوعي أو اسم جغرافي كعنصر مدخل الحريه الدينيه.
700 1# - مدخل إضافي - اسم شخصي
الاسم الشخصي وريغ، لحسن
تواريخ خاصة بالشخص محرر.
700 1# - مدخل إضافي - اسم شخصي
الاسم الشخصي عبد القادر، أشرف
علاقة الشخص بالعمل/ دوره محرر.
942 ## - بيانات إضافية (كوها)
نوع التنصيف Dewey Decimal Classification
نوع المادة (كوها) كتب
المقتنيات
حالة السحب حالة الفقدان مصدر التصنيف حالة التلف غير قابل للإعارة المكتبة الرئيسية المكتبة الحالية موقع الرف تاريخ التزويد الرقم المتسلسل Total Checkouts رقم الإستدعاء الباركود تاريخ آخر ظهور تاريخ الفاتورة نوع المادة (كوها)
    Dewey Decimal Classification     المكتبة المركزية المكتبة المركزية الإعارة 28/07/2025 1281453   201.3 / ع ل م PLD00083246 28/07/2025 28/07/2025 كتب
Implemented & Customized by: BBB with SCIT (Smart Chains for Information Technology)

Powered by Koha